000 01677nam a2200313 4500
001 229
003 OSt
005 20250528074015.0
008 250204b |||||||g |||| 00| 1 eng d
020 _a8533602197
040 _bpor
041 _hspa
_apor
082 _am860
_bE77c
100 1 _aEsquivel, Laura,
_d1950-
_9425
240 _aComo agua para chocolate
245 _aComo água para chocolate /
_cEsquivel, Laura ; Tradução de Olga Savary
260 _aSão Paulo
_bMartins Fontes
_c1993
300 _a205 p.
520 _aUma novela surpreendente, inolvidável, cujo tema gira em torno de um amor impossível para que a consequência do protagonista se repita nas artes culinárias. Sob a aparência de um folheto por entregas e encabezando cada capítulo com uma receita, esta história mágica converte a gastronomia em um código de sensualidade carregado de aromas penetrantes, de cores deslumbrantes. Tita é a pequena, vive num rancho com suas irmãs e suas servas, e pese a saber se condenada a não poder gozar do amor por ter que fazer carga de sua mãe, não renunciará a Pedro. Ele também ama, mas se casará com sua irmã Rosaura para poder segui-la. Tita se refugia na cozinha e se entrega à elaboração de pratos mágicos capazes de transformar as emoções e o comportamento de quem deseja experimentar, na esperança de que seu trágico destino se cumpra.
650 0 _aliteratura mexicana
_9426
650 0 _aCulinária
_9427
650 0 _aAmor e Paixão
_925
650 0 _aFamilia
_935
650 0 _aHistórico
_953
655 0 _aRomance
_923
655 0 _aFicção
_922
700 _aOlga Savary
_eTradutor
_9428
942 _2ddc
_n0
_cBK
999 _c229
_d229